LEADER 01351nam 2200457 450 001 9910583069403321 005 20230120002519.0 010 $a0-323-39307-1 035 $a(CKB)3710000000850838 035 $a(MiAaPQ)EBC4747154 035 $a(EXLCZ)993710000000850838 100 $a20161208h20172017 uy 0 101 0 $aeng 135 $aurcnu|||||||| 181 $2rdacontent 182 $cc$2rdamedia 183 $acr$2rdacarrier 200 10$aPharmacology and therapeutics for dentistry /$fFrank J. Dowd, Barton S. Johnson, Angelo J. Mariotti 205 $aSeventh edition. 210 1$aSt. Louis, Missouri :$cElsevier,$d2017. 210 4$d©2017 215 $a1 online resource $cillustrations 300 $aIncludes index. 311 $a0-323-44597-7 311 $a0-323-44595-0 320 $aIncludes bibliographical references. 606 $aDental pharmacology 606 $aDental therapeutics 615 0$aDental pharmacology. 615 0$aDental therapeutics. 676 $a615.10246176 700 $aDowd$b Frank J.$f1939-$0965255 702 $aJohnson$b Barton S. 702 $aMariotti$b Angelo J. 801 0$bMiAaPQ 801 1$bMiAaPQ 801 2$bMiAaPQ 906 $aBOOK 912 $a9910583069403321 996 $aPharmacology and therapeutics for dentistry$92190003 997 $aUNINA LEADER 01011nam0 22002531i 450 001 UON00128489 005 20231205102746.423 100 $a20020107d1968 |0itac50 ba 101 $afre 102 $aUN 105 $a|||| 1|||| 200 1 $aˆL'‰Art de l'Himalaya$ela peinture murale et la sculpture. Ladakh, Lahaul et Spiti, Siwalik, Nepal, Sikkim, Bhutan$fMadanjeet Singh 210 $as. l.$cWeber$d1968 215 $a287 p., c. di tav.$cill.$d21 cm 606 $aARTE HIMALAYANA$xNepal$3UONC000954$2FI 686 $aSI IX A$cSUBCONT. INDIANO - ARTE - STORIA$2A 700 1$aSINGH$bMadanjeet$3UONV019732$0667977 712 $aWeber$3UONV262532$4650 801 $aIT$bSOL$c20240220$gRICA 899 $aSIBA - SISTEMA BIBLIOTECARIO DI ATENEO$2UONSI 912 $aUON00128489 950 $aSIBA - SISTEMA BIBLIOTECARIO DI ATENEO$dSI SI IX A 050 $eSI ARC1324 7 050 996 $aArt de l'Himalaya$91318230 997 $aUNIOR